Recopilación de leyes y decretos de interés general vigentes en 21 de Mayo de 1888
Gespeichert in:
| Hauptverfasser: | , |
|---|---|
| Format: | Buch |
| Sprache: | Spanisch |
| Veröffentlicht: |
Santiago
Nacional
1888
|
| Schlagworte: | |
| Tags: |
Tag hinzufügen
Keine Tags, Fügen Sie den ersten Tag hinzu!
|
MARC
| LEADER | 00000nam a2200000 a 4500 | ||
|---|---|---|---|
| 001 | UCT9223 | ||
| 003 | CL-VaPUC | ||
| 008 | 970404e18880000CL |||||||||||||||||spa|d | ||
| 082 | 0 | 4 | |a 348.026 |b ECH |2 21 |
| 100 | 0 | |a Echeverría y Reyes, Aníbal |e author |9 381747 | |
| 700 | 0 | |a Del Río, Abraham |e author |9 381748 | |
| 245 | 1 | 0 | |a Recopilación de leyes y decretos de interés general vigentes en 21 de Mayo de 1888 |
| 300 | |a 806 p | ||
| 942 | |c BK | ||
| 945 | |d 19970404 00:00:00 |a paguirre | ||
| 260 | |a Santiago |b Nacional |c 1888 | ||
| 650 | 7 | |a LEY |2 CL-VaPUC |9 381749 | |
| 650 | 7 | |a DECRETOS |2 CL-VaPUC |9 309678 | |
| 650 | 0 | |a Constituciones |9 255417 | |
| 650 | 0 | |a Actas |9 377156 | |
| 650 | 0 | |a Poder ejecutivo |9 255177 | |
| 650 | 0 | |a Poder legislativo |9 258808 | |
| 650 | 7 | |a CAMARA ALTA |2 CL-VaPUC |9 338612 | |
| 650 | 7 | |a CAMARA BAJA |2 CL-VaPUC |9 381750 | |
| 650 | 0 | |a Elecciones |9 254997 | |
| 650 | 0 | |a Municipalidades |9 255557 | |
| 650 | 7 | |a CORREOS |2 CL-VaPUC |9 375212 | |
| 650 | 0 | |a Servicios públicos |9 328528 | |
| 650 | 7 | |a POLICIA |2 CL-VaPUC |9 313500 | |
| 650 | 7 | |a SERVICIOS DE TELECOMUNICACIONES |2 CL-VaPUC |9 368076 | |
| 651 | 7 | |a CHILE |2 CL-VaPUC |9 381751 | |
| 583 | |a last modification |c 20160105 01:46:41 |k Rodrigo Vera | ||
| 999 | |c 257642 |d 257640 | ||
| 952 | |0 0 |1 0 |2 ddc |4 0 |5 1 |6 348_026000000000000_ECH_1888 |7 1 |8 C_LRYV |9 281205 |a FDOBRV |b BIBDER |d 2019-11-19 |i 1819003 |o 348.026 ECH 1888 |p 1819003 |r 2023-01-25 |w 2019-11-19 |y BK_X |k BRV | ||
| 952 | |0 0 |1 0 |4 0 |6 348_026000000000000_ECH_1888 |7 0 |8 DER_HDC |9 281206 |a BIBDER |b BIBDER |d 2019-11-19 |i 1892789 |o 348.026 ECH 1888 |p 1892789 |r 2023-01-25 |w 2019-11-19 |x Ubicación 4to Piso |y BK_X |z Estos recursos deben solicitarse con anticipación |k DER | ||
| 952 | |0 0 |1 0 |4 0 |6 348_026000000000000_ECH_1888 |7 0 |8 X |9 281207 |a BIBDER |b BIBDER |d 2019-11-19 |i 1892215 |o 348.026 ECH 1888 |p 1892215 |r 2023-01-25 |w 2019-11-19 |y BK_X |k DER | ||
| 952 | |0 0 |1 0 |2 ddc |4 0 |5 1 |6 348_026000000000000_ECH_1888 |7 1 |8 FOND_LRYV |9 281208 |a FDOBRV |b FDOBRV |d 2019-11-19 |i 1951769 |o 348.026 ECH 1888 |p 1951769 |r 2023-01-25 |w 2019-11-19 |y BK_X |k BRV | ||